Deutsche grammatik / (Record no. 154798)

MARC details
000 -LEADER
campo de control de longitud fija 00690nam a22001935i 4500
001 - NÚMERO DE CONTROL
campo de control 154798
003 - IDENTIFICADOR DE NÚMERO DE CONTROL
campo de control ES-MaACL
005 - FECHA Y HORA DE LA ÚLTIMA TRANSACCIÓN
campo de control 20230906205845.0
008 - DATOS DE LONGITUD FIJA--INFORMACIÓN GENERAL
campo de control de longitud fija 990527m18701878gw |||| | ger d
040 ## - FUENTE DE CATALOGACIÓN
Centro catalogador/agencia de origen CCPB | B
Lengua de catalogación spa
Centro/agencia transcriptor CCPB | B
100 1# - ENTRADA PRINCIPAL--NOMBRE DE PERSONA
Nombre de persona Grimm, Jacob (
Fechas asociadas al nombre 1785-1863)
9 (RLIN) 60060
245 10 - MENCIÓN DEL TÍTULO
Título Deutsche grammatik /
Mención de responsabilidad, etc. von Jacob Grimm ; desorgt durch Wilhem Scherer.
250 ## - MENCION DE EDICION
Mención de edición Neuer verm. Abdr. / besorgt durch Wilhelm Scherer.
260 ## - PUBLICACIÓN, DISTRIBUCIÓN, ETC.
Lugar de publicación, distribución, etc. Berlin :
Nombre del editor, distribuidor, etc. Ferd. Dünnlers Verlagsbuchhandlung,
Fecha de publicación, distribución, etc. 1870-1878.
300 ## - DESCRIPCIÓN FÍSICA
Extensión 2 v. ;
Dimensiones 23 cm.
650 #4 - PUNTO DE ACCESO ADICIONAL DE MATERIA--TÉRMINO DE MATERIA
Término de materia o nombre geográfico como elemento de entrada Lengua alemana-
Subdivisión general Gramática.
9 (RLIN) 14085
700 1# - ENTRADA AGREGADA--NOMBRE PERSONAL
Nombre de persona Scherer, Wilhelm.
9 (RLIN) 132541
852 ## - LOCALIZACIÓN
Ubicación ES-MaACL
Número de control de estantería G-2811-12
Nota libre -- Enc. pasta española
Holdings
Estatus retirado Estado de pérdida Estado de daño No para préstamo Colección Biblioteca de origen Biblioteca actual Ubicación en estantería Fecha de adquisición Total de préstamos Signatura topográfica completa Código de barras Visto por última vez Precio de reemplazo Tipo de ítem Koha
        Libros del s. XIX Biblioteca del Ateneo de Madrid Biblioteca del Ateneo de Madrid Depósito 2 17/01/2008   G-2811-12 1161910 23/02/2023 23/02/2023 Libro impreso antiguo